| 000 | 00461nam a2200181Ia 4500 | ||
|---|---|---|---|
| 001 | 23377 | ||
| 005 | 20260414150933.0 | ||
| 008 | 260414t2009||||xx |||||||||||||| ||spa|| | ||
| 041 | _aESP | ||
| 082 |
_a629.892 _bS51 2009 |
||
| 100 |
_aSiciliano, Bruno...[et al.] _eAUT |
||
| 245 | 0 |
_aRobotics : _bmodelling, planning and control |
|
| 260 | _c2009 | ||
| 300 |
_axxiv, 632 páginas : _c24 cm. |
||
| 650 | _aCNM | ||
| 654 | _aCCN | ||
| 942 |
_cLIB _dJUS _fJUS _2ddc _n |
||
| 999 |
_c23377 _d23377 |
||